| 000 | 00848nam a22002177a 4500 | ||
|---|---|---|---|
| 003 | SEM | ||
| 999 |
_c68251 _d68251 |
||
| 005 | 20220608074111.0 | ||
| 008 | 180814b ||||| |||| 00| 0 arm d | ||
| 020 | _a9789939519999 | ||
| 040 |
_aSEM _cSEM |
||
| 041 | 0 | _aarm | |
| 080 | _a92:73/76(47.925)/Ք-82 | ||
| 245 | 0 | 4 |
_aՄաէստրո Քոչարը: _bՀուշերի անդրադարձում:/ _cԽմբ., կազմ.` Ա. Հովհաննիսյան, Լ. Մարտիրոսյան-Քոչար |
| 260 |
_aԵրևան: _b«Անտարես», _c2016. |
||
| 300 |
_a311 էջ; _c21 սմ |
||
| 504 | _aԱնվանացանկ` էջ 289-309: | ||
| 650 | _aՀայ քանդակագործներ | ||
| 700 | 1 |
_aՀովհաննիսյան Անատոլի _4edt. _4comp. _eխմբ. _e կազմ. |
|
| 700 | 1 |
_aՄարտիրոսյան-Քոչար Լալա _4edt. _4comp. _eխմբ. _eկազմ. |
|
| 942 |
_2udc _cBK |
||